Special report (Record no. 81357)

MARC details
000 -LEADER
fixed length control field 00822cab a22001935a 4500
001 - CONTROL NUMBER
control field L147041
008 - FIXED-LENGTH DATA ELEMENTS--GENERAL INFORMATION
fixed length control field 090325e20090320xxkad f 000 0 eng d
035 ## - SYSTEM CONTROL NUMBER
System control number (Sirsi) u147041
041 0# - LANGUAGE CODE
Language code of text/sound track or separate title eng
100 1# - MAIN ENTRY--PERSONAL NAME
Personal name Sandher, Hardeep
245 00 - TITLE STATEMENT
Title Special report
Remainder of title healthcare
260 ## - PUBLICATION, DISTRIBUTION, ETC.
Date of publication, distribution, etc. 2009
490 #0 - SERIES STATEMENT
Series statement Property Week
Volume/sequential designation 75(12) 20 March 2009, 53-60(5)
520 ## - SUMMARY, ETC.
Summary, etc. Reveals that with commercial developments coming to an end, developers are now trying to obtain more promising public sector contracts such as polyclinics. Reports that although the care homes sector is in good health, this may not protect it from a weak economy.
590 ## - LOCAL NOTE (RLIN)
Local note KA
651 #4 - SUBJECT ADDED ENTRY--GEOGRAPHIC NAME
Geographic name United Kingdom
Chronological subdivision
690 ## - LOCAL SUBJECT ADDED ENTRY--TOPICAL TERM (OCLC, RLIN)
Topical term or geographic name as entry element PROPERTY-OTHER PROPERTY TYPES-HEALTHCARE AND WELFARE PROPERTY-WELFARE FACILITY AND HOME PROPERTY-WELFARE FACILITIES
942 ## - ADDED ENTRY ELEMENTS (KOHA)
Suppress in OPAC 0
Holdings
Withdrawn status Lost status Source of classification or shelving scheme Damaged status Not for loan Home library Current library Shelving location Date acquired Total Checkouts Full call number Barcode Date last seen Copy number Price effective from Koha item type
    Dewey Decimal Classification     London London Journal article 25/03/2009   L147041 147041-1001 06/08/2019 1 06/08/2019 Journal article